Loading...

Cashew development in India : potentialities and constraints /

Bibliographic Details
Main Author: Kannan, K. P.
Format: Printed Book
Language:English
Published: Delhi: Agricole, 1983.
LEADER 00496 a2200121 4500
008 100208b ||||| |||| 00| 0 eng d
082 |a 338.1745730954 
100 |a Kannan, K. P. 
245 |a Cashew development in India :  |b potentialities and constraints / 
260 |b Agricole,  |a Delhi:  |c 1983. 
942 |c BK 
999 |c 314061  |d 314061 
952 |0 0  |1 0  |2 ddc  |4 0  |6 338_174573095400000_KAN_CA  |7 0  |9 360161  |a ECN  |b ECN  |c ST1  |d 2010-09-07  |g 0.00  |i 4571  |l 1  |m 1  |o 338.1745730954 KAN/CA  |p ECN4571  |r 2018-11-09  |s 2018-10-03  |w 2010-09-07  |y BK